• 首页
  • 本馆介绍
  • 公告通知
  • 最新文献
  • 馆藏检索
  • 电子资源
  • 读者导购
  • 参考咨询
  • 我的图书馆
  • 登录
  • 详细信息显示
  • 放入我的书架
  • 预约/预借图书
  • 作者相关作品
  • 分类相关作品
  • 丛书相关作品
  • 出版社相关作品

书目信息

  • 表格格式
  • 工作单格式
  • 卡片格式
题名:
无产阶级专政学说史
    
 
作者: 章士嵘 编
分册:  
出版信息: 长春   吉林人民出版社  1981
页数: 272页
开本: 21cm
丛书名:
单 册:
中图分类: D046 , D04
科图分类:
主题词: 无产阶级专政史-政治思想--1895~1952 , 政治思想-无产阶级专政史--1895~1952 , 社会主义革命--理论 , 无产阶级专政--理论 , 社会主义革命--关系--无产阶级专政
电子资源:
ISBN:
000 00864nam0 2200301 45
001 0181002409
005 20040429100353.0
010    @dCNY0.80
091    @a11091.57
100    @a19950309d1981 em y0chiy0121 ea
101 0  @achi
102    @aCN@b220000
105    @ay z 000yy
106    @ar
200 10 @a无产阶级专政学说史@Awu chan jie ji zhuan zheng xue shuo shi@e18995-1952@f章士嵘等编
210    @a长春@c吉林人民出版社@d1981
215    @a272页@d21cm
606    @a无产阶级专政史-政治思想@z1895~1952
606    @a政治思想-无产阶级专政史@z1895~1952
606 0  @a社会主义革命@x理论
606 0  @a无产阶级专政@x理论
606 0  @a社会主义革命@x关系@x无产阶级专政
690    @aD046@v3
690    @aD04
701  0 @a章士嵘@Azhang shi rong@4编
801  0 @aCN@b上海图书馆@c20040429
801  2 @aCN@bNLC@c20040429
905    @f1@b41542@dD04@e4
    
    无产阶级专政学说史:18995-1952/章士嵘等编.-长春:吉林人民出版社,1981
    272页;21cm
    
    
    ISBN :CNY0.80
    
●
相关链接 在E读中查询图书 在五车中查询图书 在当当中查询图书 在豆瓣中查询图书


正题名:无产阶级专政学说史     索取号:D04/4         预约/预借

序号 登录号 条形码 馆藏地/架位号 状态 备注
1 0041540   001759895   密集书库/ [索取号:D04/4] 在馆    
2 0041541   001743288   密集书库/ [索取号:D04/4] 在馆    
3 0041542   001020166   第一样本阅览室/ [索取号:D04/4] 在馆    
4 0041543   001743117   密集书库/ [索取号:D04/4] 在馆    
5 0041544   001743153   密集书库/ [索取号:D04/4] 在馆    
唐山师范学院图书馆 欢迎您!
大连网信软件有限公司© 版权所有